LEADER 01435nam a2200301 a 4500 001 000000129254 003 CaOOAMICUS 005 20120612090448.0 008 120611s2012 it u000 u ita r 020 $a978-88-13-31452-1 040 $aPUL$bita 082 04$a346.45023 100 1 $aBenetazzo, Cristiana.$0(OLS)http://pul/name/82737 245 10$aContratti della P.A. e annullamento dell'aggiudicazione /$cCristiana Benetazzo. 260 $aPadova :$bCEDAM,$c©2012. 300 $aXIV, 431 p. ;$c24 cm. 490 1 $aQuaderni del Dipartimento di diritto pubblico internazionale e comunitario (Universitą degli studi di Padova) ;$v7 504 $aBibliografia: p. [391]-431. 650 4$aContratti pubblici$zItalia.$0(OLS)http://pul/subject/34215 830 0$aQuaderni del Dipartimento di diritto pubblico internazionale e comunitario (Universitą degli studi di Padova) ;$v7.$0(OLS)http://pul/title/163343 850 $aPUL 852 $aPUL$W1$xSL Diritto e Scienze Sociali 3$y79$m346. 45023 BENCR 1$j149678$qDDC 21$B148198$CPULBib$Z2$F148198 $H120068 $82 941 1 $a9 996 $6020$a978-88-13-31452-1$9(OLS)http://pul/number/149976 996 $6082$a346.45023$9(OLS)http://pul/classification/688 996 $6245$aContratti della P.A. e annullamento dell'aggiudicazione$9(OLS)http://pul/title/163342 996 $6260$aPadova :$bCEDAM$9(OLS)http://pul/publisher/48126 LEADER 01088nam a2200277 u 4500 001 000000068632 003 CaOOAMICUS 005 20070226121823.0 008 020314s1992 it u000 u ita u 020 $a8834800842 035 $a10923908 040 $aPUL(R)$bita 100 1 $aFranciosi, Gennaro.$0(OLS)http://pul/name/915 245 10$aFamiglia e persone in Roma antica :$bdall'etą arcaica al principato /$cGennaro Franciosi. 250 $a2. ed. 260 $aTorino :$bGiappichelli,$c1992. 300 $a296 p. ;$c23 cm 504 $aBibliografia in nota. 650 4$aFamiglia$zRoma$xStoria.$0(OLS)http://pul/subject/11109 850 $aPUL 852 $aPUL$W1$xSL Filosofia 1$y2$m117 G 85$j88746$nBK-PRI$b $qStampati$B88746$CPULBib$Z2$F88746 $H $81 941 1 $a8 961 $aINV: 72938 996 $6020$a8834800842$9(OLS)http://pul/number/88960 996 $6245$aFamiglia e persone in Roma antica :$bdall'etą arcaica al principato$9(OLS)http://pul/title/65273 996 $6260$aTorino :$bGiappichelli$9(OLS)http://pul/publisher/48244